00586nam a2200157Ia 4500003000900000008004100009020002600050020002700076040001600103100002700119245009200146260003200238300002000270490003400290856010400324IN-BaIIA211028s9999 xx s 000 0 eng d a9781510622722 (Print) a9781510622739 (Online) cIIA Library aPustelny, Tadeusz, ed. 0a13th Conference on Integrated Optics: Sensors, Sensing Structures, and Methodsh[eBook] aWashington, USAbSPIEc2018 aOnline resource aProceedings of SPIE; V. 10830 uhttps://www.spiedigitallibrary.org/conference-proceedings-of-spie/10830yClick Here to Access eBook